000 00937cab a2200289 4500
001 ABS52925
008 090401t1995 xxu||||| |||| 00| 0 eng d
035 _a(Sirsi) u914
041 _aeng
100 _aEdwards, M.
245 _aEnvironmental outlook clouded
260 _c1995
350 _a0
490 _aEstates Gazette
_v(9520) 20 May 1995, 128-129(2)
520 _aConsiders recent case law that highlight the importance now attached to environmental issues in planning cases and discusses PPG23 Planning and Pollution Control.
650 _aCONTAMINATED LAND
650 _aENVIROCOR WASTE HOLDINGS V SOS ENVIRONMENT
650 _aPLANNING CONTROL
650 _aPLANNING PERMISSION
650 _aPOLLUTION CONTROL
650 _aPPG23
650 _aR V BERKSHIRE CC EX P WOKINGHAM DC
690 _aENVIRONMENTAL AND LAND CONSULTANCY
690 _aPLANNING LAW AND PRACTICE
942 _n0
948 _c04/03/1997
999 _c510
_d510